Wird geladen...
Studies on lemongrass oil
| 1. Verfasser: | |
|---|---|
| Sprache: | English |
| LEADER | 00245nam a22000977a 4500 | ||
|---|---|---|---|
| 005 | 20160323130512.0 | ||
| 008 | 110111t xxu||||| |||| 00| 0 eng d | ||
| 100 | |a Pushpakumari, K. N. |9 9113 | ||
| 245 | |a Studies on lemongrass oil | ||
| 942 | |c BK |6 _ | ||
| 999 | |c 159040 |d 159040 | ||